MARC

LEADER 00000nam0a2200000 4500
001 369033
005 20231102012137.0
035 |a (RuTPU)RU\TPU\retro\26415 
090 |a 369033 
100 |a 20220428d1980 m y0rusy50 ca 
101 0 |a rus 
102 |a RU 
105 |a a j 000zy 
200 1 |a Технология подземной разработки пластовых месторождений  |e учебное пособие по программированному обучению  |f Ю. Ф. Савенко, В. А. Тищенко  |g Тульский политехнический институт 
210 |a Тула  |c Изд-во Тульского политехнического ин-та  |d 1980 
215 |a 82 с.  |c ил. 
606 1 |a Пластовые месторождения  |x Подземная разработка  |2 stltpush  |3 (RuTPU)RU\TPU\subj\64927  |9 81615 
610 1 |a шахты 
610 1 |a технологические схемы 
610 1 |a горные работы 
610 1 |a интенсификация 
610 1 |a концентрация 
610 1 |a угледобывающие предприятия 
610 1 |a горные выработки 
610 1 |a функционирование 
610 1 |a надежность 
610 1 |a сплошные системы 
610 1 |a столбовые системы 
610 1 |a комбинированные системы 
610 1 |a учебные пособия 
675 |a 622.272(075.8)  |v 4 
700 1 |a Савенко  |b Ю. Ф.  |g Юрий Филиппович 
701 1 |a Тищенко  |b В. А.  |g Виктор Алексеевич 
712 0 2 |a Тульский политехнический институт  |c (1963-1992)  |2 stltpush  |3 (RuTPU)RU\TPU\col\284  |9 23322 
801 1 |a RU  |b 63413507  |c 20220428 
942 |c BK